El secreto mejor guardado de Asia : Taiwán : una historia de algunas de las más asombrosas y eficientes marcas del mundo /
Saved in:
| Hovedforfatter: | |
|---|---|
| Format: | Electronisk eBog |
| Sprog: | spansk |
| Udgivet: |
Bogotá :
Universidad Piloto de Colombia,
2018.
|
| Udgivelse: | Primera edición. |
| Fag: | |
| Online adgang: | Digitalia Hispánica |
| Tags: |
Tilføj Tag
Ingen Tags, Vær først til at tagge denne postø!
|
MARC
| LEADER | 00000nam a2200000Ii 4500 | ||
|---|---|---|---|
| 001 | DIGUPILOTCK050 | ||
| 003 | NyNyDIG | ||
| 007 | cr ||||||||||| | ||
| 008 | 211111s2018 ck a ob 000 0 spa d | ||
| 006 | m o d | ||
| 035 | |a (OCoLC)1061306190 | ||
| 040 | |a DGITA |b eng |e rda |e pn |c DGITA | ||
| 020 | |a 9789588957739 |q eBook | ||
| 043 | |a a-cc--- | ||
| 050 | 1 | 4 | |a HC430.5 ebook |
| 082 | 1 | 4 | |a 338.951249 |
| 100 | 1 | |a Ojeda Castro, Fernando Alonso, |e author. | |
| 245 | 1 | 3 | |a El secreto mejor guardado de Asia : |b Taiwán : una historia de algunas de las más asombrosas y eficientes marcas del mundo / |c Fernando Alonso Ojeda Castro. |
| 250 | |a Primera edición. | ||
| 264 | 1 | |a Bogotá : |b Universidad Piloto de Colombia, |c 2018. | |
| 300 | |a 1 online resource : |b illustrations. | ||
| 336 | |a text |b txt |2 rdacontent | ||
| 337 | |a computer |b c |2 rdamedia | ||
| 338 | |a online resource |b cr |2 rdacarrier | ||
| 347 | |a text file |2 rdaft | ||
| 347 | |b EPUB | ||
| 504 | |a Includes bibliographical references. | ||
| 588 | 0 | |a Online resource; title from ePub title page (Digitalia, viewed November 11, 2021) | |
| 651 | 0 | |a Taiwan |x Economic conditions. | |
| 655 | 0 | |a Electronic books. | |
| 791 | 2 | |a Digitalia (Firm), |e distributor. | |
| 793 | 0 | |g Digitalia eBook Collection: |a Universidad Piloto de Colombia | |
| 856 | 4 | 0 | |3 Digitalia Hispánica |u https://digitalia.unach.elogim.com/a/55081/ |
| 910 | |a Premium collection: 2021 | ||